[Event "Hagener SV-SchVGG Blankenese"]
[Site "Kiel"]
[Date "2019.09.08"]
[Round "3.1"]
[White "Burgtorf, Benjamin"]
[Black "Brunner, Alexander"]
[Result "1-0"]
[WhiteElo "1775"]
[BlackElo "1763"]
[Annotator "Rnd./Pair./Board: 03.008.01"]
[PlyCount "69"]
[EventDate "2019.??.??"]
[WhiteTeam "SchVGG Blankenese"]
[BlackTeam "Hagener SV"]

1. Nf3 d5 2. c4 d4 3. b4 Bg4 4. g3 Bxf3 5. exf3 e5 6. Qb3 Nc6 7. a3 Nf6 8. d3
a5 9. b5 a4 10. Qc2 Nb8 11. Bd2 c6 12. Bg2 Nbd7 13. bxc6 bxc6 14. f4 Qc7 15.
fxe5 Qxe5+ 16. Kd1 Qc7 17. Re1+ Kd8 18. Bf4 Bd6 19. Bxd6 Qxd6 20. Nd2 Re8 21.
Rxe8+ Kxe8 22. Ke1 Kf8 23. Kf1 Nc5 24. Rb1 Re8 25. Rb6 Qe7 26. Nf3 Ng4 27. h3
Nh2+ 28. Kg1 Nxf3+ 29. Bxf3 Qe1+ 30. Kg2 Nb3 31. Rxc6 Nd2 32. Qd1 Nxf3 33. Qxf3
Qe7 34. Qd5 Qxa3 35. Rc7 1-0

[Event "Hagener SV-SchVGG Blankenese"]
[Site "Kiel"]
[Date "2019.09.08"]
[Round "3.2"]
[White "Scheidt, Mike Niklas"]
[Black "von Rosen, Jakob"]
[Result "0-1"]
[WhiteElo "1686"]
[BlackElo "1732"]
[Annotator "Rnd./Pair./Board: 03.008.02"]
[PlyCount "58"]
[EventDate "2019.??.??"]
[WhiteTeam "Hagener SV"]
[BlackTeam "SchVGG Blankenese"]

1. d4 Nf6 2. Nc3 c5 3. d5 e6 4. Bg5 exd5 5. Nxd5 Be7 6. Bf4 Nxd5 7. Qxd5 Nc6 8.
e3 d6 9. Bb5 Qa5+ 10. Qd2 Qxb5 11. Bxd6 O-O 12. Bxe7 Nxe7 13. O-O-O Be6 14. Ne2
Nc6 15. Nc3 Qa5 16. a3 b5 17. Qd6 Qb6 18. Ne4 c4 19. h4 Rfd8 20. Qg3 b4 21.
axb4 Nxb4 22. c3 Nd3+ 23. Rxd3 Rxd3 24. Nf6+ Kh8 25. Nh5 Rg8 26. Nf4 Rd7 27. h5
Rb8 28. b4 cxb3 29. e4 b2+ 0-1

[Event "Hagener SV-SchVGG Blankenese"]
[Site "Kiel"]
[Date "2019.09.08"]
[Round "3.3"]
[White "Sell, Eero"]
[Black "Paqarizi, Endrit"]
[Result "1-0"]
[WhiteElo "1774"]
[BlackElo "1629"]
[Annotator "Rnd./Pair./Board: 03.008.03"]
[PlyCount "85"]
[EventDate "2019.??.??"]
[WhiteTeam "SchVGG Blankenese"]
[BlackTeam "Hagener SV"]

1. d4 d5 2. c4 e6 3. Nc3 f5 4. g3 c6 5. Nf3 Bd6 6. Bf4 Nf6 7. Bxd6 Qxd6 8. c5
Qc7 9. e3 O-O 10. b4 Ne4 11. Qc2 Nd7 12. a4 e5 13. Be2 Nxc3 14. Qxc3 f4 15.
Nxe5 Nxe5 16. dxe5 f3 17. Bd3 Bf5 18. Rd1 Rae8 19. O-O Rxe5 20. Rfe1 Bxd3 21.
Qxd3 Qd7 22. Qf1 Rfe8 23. Rd4 Re4 24. Red1 Qf5 25. h4 Kf7 26. Kh2 Kf6 27. Qh3
h5 28. Qxf5+ Kxf5 29. Kh3 Rxd4 30. Rxd4 Re4 31. Rxe4 Kxe4 32. g4 Kd3 33. gxh5
Kc4 34. Kg4 Kxb4 35. Kg5 Kxa4 36. Kg6 b5 37. cxb6 axb6 38. Kxg7 c5 39. h6 c4
40. h7 c3 41. h8=Q c2 42. Qc8 Kb3 43. Qc6 1-0

[Event "Hagener SV-SchVGG Blankenese"]
[Site "Kiel"]
[Date "2019.09.08"]
[Round "3.4"]
[White "Buchloh, Adrian"]
[Black "Schacht, David"]
[Result "1-0"]
[WhiteElo "1622"]
[BlackElo "1293"]
[Annotator "Rnd./Pair./Board: 03.008.04"]
[PlyCount "23"]
[EventDate "2019.??.??"]
[WhiteTeam "Hagener SV"]
[BlackTeam "SchVGG Blankenese"]

1. d4 d5 2. Nc3 Nf6 3. Bf4 e6 4. e3 Bb4 5. Bd3 Bd7 6. Nge2 Nh5 7. O-O O-O 8.
Ng3 Nxf4 9. exf4 Nc6 10. Qh5 g6 11. Qh6 Nxd4 12. Nh5 1-0